Регионална библиотека "Любен Каравелов" - Русе

ШОК (Запис номер 296065)

MARC детайли
000 -Лидер
Контролно поле с фиксирана дължина 01043nas a2200253 c 4500
003 - Код на организацията, давaща контролен номер
Контролно поле BLK
005 - Дата и час на последна редакция
Контролно поле 20180421003218.0
008 - Елементи от данни с фиксирана дължина
fixed length control field 180413b bul rap|r|||| |0| c1bulo|
010 ## - Наследен системен номер
LC control number PRD00007045000
040 ## - Източник на каталожния запис
Идентификатор на билиотеката - собственик на записа BLK
041 ## - Код за език
Код за езика на текст/звукозапис или на отделно заглавие Български
Код за езика КДБФ Български
080 ## - УДК
Текстов определител УДК Карикатура. Комикс
УДК код - определител по УДК 741.5
УДК определител :32
УДК - код + определител 741.5:32
110 1# - Редна дума - колетивен орган
Редна дума - наименование на организация или юридическо лице Фирма Дебора - Х
Авторска отговорност (Описва отношението между автора и произведението) Ред. кол.: Христо Велчев, Р. Велчева
9 (RLIN) 361351
245 10 - Сведения за заглавието
Заглавие ШОК
Подзаглавни данни Частна джобна галерия
Редно поле (дума) Фирма Дебора - Х ; Ред. кол.: Христо Велчев, Р. Велчева
Дата на създаване на произведението Начална год. на издаване: Год.1, № 1 (1990),
257 ## - Страна на издаване
Страна на създаване/издаване България
260 ## - Област на издателските данни
-- Разград
Име на издателя, разпространителя и проч. Фирма Дебора - Х
Година на издаване 1990
Печатница Разград : ДФ Офсетпродукт
310 ## - Текуща периодчност на изданието
-- периодичност: 1
Срок за съхранение срок за съхранение: 99
380 ## - Жанр
Жанр Изкуство
852 ## - Местоположение
Форматна сигнатура А 3290
856 ## - Електронен адрес и достъп
Електронен формат pdf - файл
Път до файла /url/
856 ## - Електронен адрес и достъп
Електронен формат pdf - файл
Път до файла /url/
942 ## - АРТИКУЛИ
Вид на библиотечния материал Списания
Скрит в OPAC Не
Периодичен библиозапис Да
944 ## - СЪЗДАВАНЕ И РЕДАКЦИЯ на ЗАПИСА
Създаване/Редакция Създаване
Дата на регистрацията/редакция Вася_Ганчева
Служител, извършил регистрацията/редакцията 15.01.2003
944 ## - СЪЗДАВАНЕ И РЕДАКЦИЯ на ЗАПИСА
Създаване/Редакция Редакция
Дата на регистрацията/редакция
Служител, извършил регистрацията/редакцията 12.11.2013
999 ## - СИСТЕМНИ КОНТРОЛНИ НОМЕРА
Koha biblionumber 296065
Koha biblioitemnumber 296065
Наличности
Код за отписване Код за изгубен артикул Код за повреда Коз за рестрикции Код за отдаване Артикулен № Име на библиотеката - собственик Име на библиотеката, в която се намира в момента Статус (Текущо местоположение) Дата на вписване в системата Местоположение - отдел Цена в лева Номерация (Хронология) Инвентарен номер Систематично азбучна сигнатура Баркод Номер на екземпляра Цена в евро Служебна бележка Служебен тип на артикула Бележка за публиката
  Не е изгубен Не е повреден без рестрикции ползва се в читалня 643935 Регионална библиотека "Любен Каравелов" Русе Регионална библиотека "Любен Каравелов" Русе Хранилище 1990-01-01 Хранилище 0.00 Обхват на том: 1,1 700334 А 3290 700334 1 0.00 Дост: Dp, Вид: Д, N: стар фонд, Годиш. инв.: 1, Дата инв: 12.11.2013, Бележки инв: Цб2013 Списания Год. на изд.: 1990-1991
Vip Innovations Ltd, Rousse, Bulgaria 2025